Rozpoznaj Piłkarza Po Przebiegu Kariery cz.2 - Statystyki

Ogólne statystyki
  • Ten quiz został rozwiązany 329 razy
  • Średni wynik to 8 z 10
Statystyki odpowiedzi
Przebieg kariery Piłkarz % Poprawnych
Rozwój Katowice > Górnik Zabrze > Bayer Leverkusen > Ajax > Napoli Arkadiusz Milik
96%
Malmo > Ajax > Juventus > Inter > FC Barcelona > AC Milan > PSG > Manchester United > LA Galaxy > AC Milan Zlatan Ibrahimović
93%
Genk > Chelsea > Wolfsburg > Manchester City Kevin de Bruyne
88%
Groningen > Celtic > Southampton > Liverpool Virgil van Dijk
86%
El Mokawloon > FC Basel > Chelsea > Roma > Liverpool Mohamed Salah
85%
Real Madryt > Juventus > Real Madryt > Chelsea > Atletico Madryt Alvaro Morata
77%
PSV > Manchester United > Olympique Lyon Memphis Depay
77%
FC Basel > Schalke 04 > Sevilla > FC Barcelona Ivan Rakitić
71%
Bayern Monachium > Bayer Leverkusen > Liverpool > Juventus > Borussia Dortmund Emre Can
61%
Deportivo Saprissa > Albacete Balombie > Levante > Real Madryt > PSG Keylor Navas
58%
Nie znaleziono quizów pasujących do podanych kryteriów
Rozkład punktacji
Procent ludzi z każdym wynikiem
Percentyl według liczby udzielonych odpowiedzi
Twoja historia wyników
Nie rozwiązałeś tego quizu